| 000 | 00484nam a2200193 a 4500 | ||
|---|---|---|---|
| 001 | 8086 | ||
| 003 | CO-ViMGA | ||
| 008 | 141112s2004 ck r 000 u spa d | ||
| 020 | _a9701020960 | ||
| 040 |
_aCO-ViMGA _bspa _cCO-ViMGA |
||
| 082 | 0 | 4 | _a515.63 S643a |
| 100 | 1 | _aSpiegel, Murray R. | |
| 245 | 1 | 0 | _aAnĂ¡lisis Vectorial |
| 260 |
_aMexico McGraw Hill, _c2001 |
||
| 300 | _a222.p. | ||
| 650 | 1 | 4 |
_aANALISIS TENSORIAL _97764 |
| 650 | 1 | 4 |
_aANALISIS VECTORIAL _9471 |
| 942 |
_2ddc _cBK |
||
| 999 |
_c19906 _d19906 |
||